MARC

LEADER 00000nas a2200000 a 4500
001 ssj0064254
003 WaSeSS
005 20200512172242.0
006 m d
007 cr n
008 791228c19789999ii fr p s 0 a0eng c
010 |a  2011247805 
016 7 |a 2622378-8  |2 DE-600 
022 |a 0975-1564  |y 0253-7176 
030 |a IJPMEU 
035 |a (WaSeSS)ssj0064254 
037 |b Medknow Publications and Media Pvt. Ltd., B-9, Kanara Business Ctr, Off Link Rd, Ghatkopar (E), Mumbai, Maharastra 400 075 India 
040 |a LGG  |b eng  |c LGG  |d NTE  |d OCLCQ  |d OCLCE  |d TXA  |d PFM  |d FQM  |d CS1  |d CCT  |d IL4I4  |d HEBIS  |d OCLCQ  |d OCLCF  |d COO  |d OCLCO  |d OCLCQ  |d OCLCO  |d OCLCQ  |d WY@  |d BUF  |d AU@  |d OCLCO  |d AUD  |d VT2  |d UAB  |d Z5A  |d LIP  |d XFH  |d ZAC  |d BRL  |d UOK  |d MOW  |d WYU  |d OCLCA  |d WaSeSS 
042 |a pcc  |a dlr 
050 4 |a RC321  |b .I553 
060 0 0 |a W1  |b IN227H 
130 0 |a Indian journal of psychological medicine (Online) 
245 1 0 |a Indian journal of psychological medicine  |h [electronic resource]. 
260 |a [Vellore] :  |b Indian Psychiatric Society, South Zone 
310 |a Semiannual 
362 1 |a Print began with vol. 1, no. 1 (Jan. 1978). 
506 |a License restrictions may limit access. 
538 |a Master and use copy. Digital master created according to Benchmark for Faithful Digital Reproductions of Monographs and Serials, Version 1. Digital Library Federation, December 2002.  |u http://purl.oclc.org/DLF/benchrepro0212  |5 MiAaHDL 
538 |a Mode of access: World Wide Web. 
550 |a Official journal of the Indian Psychiatric Society, South Zone. 
583 1 |a digitized  |c 2010  |h HathiTrust Digital Library  |l committed to preserve  |5 MiAaHDL  |2 pda 
588 |a Description based on: Vol. 31, issue 2 (July/Dec. 2009); title from issue table of contents (EBSCOhost, viewed Sept. 5, 2011). 
588 |a Latest issue consulted: Vol. 33, issue 1 (Jan./June 2011) (publisher's Web site, viewed Oct. 21, 2011). 
650 0 |a Psychiatry  |v Periodicals. 
650 7 |a Psychiatry.  |2 fast  |0 (OCoLC)fst01081152 
650 7 |a Psychology and mental health.  |2 galestne 
650 7 |a Psychology.  |2 galestne 
650 2 |a Societies, Medical  |v Periodicals. 
650 2 |a Mental Disorders  |v Periodicals. 
650 2 |a Psychiatry  |v Periodicals. 
650 2 |a Mental Disorders. 
650 2 |a Psychiatry. 
650 2 |a Societies, Medical. 
653 0 |a Psychology and mental health 
655 0 |a Electronic journals. 
710 2 |a Indian Psychiatric Society.  |b South Zone. 
776 0 8 |i Print version:  |t Indian journal of psychological medicine  |x 0253-7176  |w (DLC)sc 83002754  |w (OCoLC)5828881 
856 4 0 |z Full text available from Research Library: 01/01/2009 to present  |u https://search.proquest.com/publication/226501